00837nam a22001937a 450000500170000000800410001704000080005804100070006608200130007310000190008624500410010525000210014626000330016730000110020050000130021150000190022450503800024365000200062320171218092801.0171218b xxu||||| |||| 00| 0 eng d aANE aEs a985 P171 aPalma, Ricardo aTradiciones PeruanascPalma, Ricardo a1 ra edb9 na ed aBuenos AiiresbTroquelc1959 a230 p. aÍndice aBibliografía aRicardo Palma (Noticia biográfica.- La obra de Ricardo Palma.- Las tradiciones en la LIteratura costumbrista y las tradiciones Peruanas.- Estructura y estilo de la tradición.-La Achirana del Inca.- Palla-Huarcuna 1430.- Una partida de Palitronque 1535.- SAtre y Sisón, dos parecen y uno son 1536.- Una carta de Indias.- La bofetada póstuma.- El Motín contra gasca.  aHistoria-Perú